US States with TON - Statistics

General Stats
  • This quiz has been taken 75 times
    72 since last reset
  • The average score is 6 of 8
Answer Stats
State % Correct
Washington
92%
North Carolina
85%
North Dakota
85%
Montana
80%
Minnesota
60%
Vermont
60%
South Carolina
53%
Connecticut
45%
No matching quizzes found
Score Distribution
Percent of People with Each Score
Percentile by Number Answered
Your Score History
You have not taken this quiz since the last reset